书目信息 |
| 题名: |
串联电容引起的电动机自激
|
|
| 作者: | ;清华大学电力系 著 | |
| 分册: | ||
| 出版信息: | 北京 科学出版社 1978 |
|
| 页数: | 263页 | |
| 开本: | 26cm | |
| 丛书名: | ||
| 单 册: | ||
| 中图分类: | TM340.13 | |
| 科图分类: | ||
| 主题词: | 交流电机-自励 , 自励-交流电机 | |
| 电子资源: | ||
| ISBN: | 15031.173 | |
| 000 | 00710nam0 2200241 450 | |
| 001 | 0178001753 | |
| 005 | 20100712215358.0 | |
| 010 | @a15031.173@dCNY2.15 | |
| 091 | @a15031.173 | |
| 100 | @a19950811d1978 em y0chiy0110 ea | |
| 101 | 0 | @achi |
| 102 | @aCN@b110000 | |
| 105 | @ay z 000yy | |
| 106 | @ar | |
| 200 | 1 | @a串联电容引起的电动机自激@9Chuan Lian Dian Rong Yin Qi De;Di Dian Dong Ji Zi Ji @f清华大学电力系等著 |
| 210 | @a北京@c科学出版社@d1978 | |
| 215 | @a263页@c图@d26cm | |
| 606 | 0 | @a交流电机-自励 |
| 606 | 0 | @a自励-交流电机 |
| 690 | @aTM340.13@v3 | |
| 711 | 02 | @a清华大学电力系@9qing hua da xue dian li xi@4著 |
| 801 | 0 | @aCN@bAzMarc@c20130904 |
| 905 | @aBZT@dTM340.13@e1@f1@sTM340.13/1 | |
| 串联电容引起的电动机自激/清华大学电力系等著.-北京:科学出版社,1978 |
| 263页:图;26cm |
| ISBN 15031.173:CNY2.15 |
| ● |
| 相关链接 |
|
|
|
正题名:串联电容引起的电动机自激
索取号:TM340.13/1
 
预约/预借
| 序号 | 登录号 | 条形码 | 馆藏地/架位号 | 状态 | 备注 |
| 1 | 2000088800 | 2000088800 | 旧书回溯/ [索取号:TM340.13/1] | 在馆 |